Estudos em homenagem ao professor Aurľio Wander Bastos

Detalles Bibliográficos
Autor principal: de Moraes Mello, Cleyson
Otros Autores: Mezzaroba, Orides, Borba, Rogřio
Formato: eBook
Lenguaje:portugués
Publicado: Rio de Janeiro: Editora Processo, 2020
Materias:
Acceso en línea:Acceso restringido

MARC

LEADER 00000nam a22000007a 4500
005 20220808225426.0
007 cr|||| ||||
008 220808s2020 br |||||s|||| 00||0 por d
020 |a 978859374187-6 
035 |a 36791 
040 |a vLex 
090 |c 13673  |d 13673 
100 1 |a de Moraes Mello, Cleyson 
245 1 0 |a Estudos em homenagem ao professor Aurľio Wander Bastos  |h [Recurso electrn̤ico] /  |c Cleyson de Moraes Mello, Orides Mezzaroba, Rogřio Borba 
256 |a Servicio en ln̕ea 
260 |a Rio de Janeiro:  |b Editora Processo,  |c 2020 
300 |a 1 recurso electrn̤ico 
500 |a Como Professor de Direito, se destaca no trabalho pelas causas de modernizaȯ̂ da sociedade brasileira, cujos principais indicadores sô a luta pela utilizaȯ̂ do Direito como instrumento de mudanȧ social e o consequente engajamento dos advogados nos movimentos pela superaȯ̂ das desigualdades entre as pessoas e pela convivn̊cia na diversidade e na pluralidade das ideias. Como Procurador Federal dedicou grande parte de seu trabalho ̉recuperaȯ̂ consolidada da legislaȯ̂ de diversos r̤gôs da Administraȯ̂ Federal, como catl̀ogos imprescindv̕eis ̉Reforma do Estado Brasileiro e ̉institucionalizaȯ̂ e preservaȯ̂ do Estado Democrt̀ico de Direito, erguido ̉luz da Constituiȯ̂ Federal de 1988. 
506 1 |a Disponible solo en los productos indicados  |d vLex Global  |d vLex Global (Academic Edition, excluding Law Schools)  |d vLex Global (U.S. Academic Edition, Law Schools)  |d vLex Global (U.S. Academic Edition, excluding Law Schools)  |d vLex Global (Academic Edition, Law Schools) 
650 0 4 |a Abogados  |z Brasil 
650 0 4 |a Sociologa̕  |z Brasil 
700 1 |a Mezzaroba, Orides 
700 1 |a Borba, Rogřio 
740 0 |a vLex Libros (Servicio en ln̕ea) 
856 4 0 |u https://app.vlex.com/#/sources/36791  |z Acceso restringido 
942 |c BOOK 
999 0 |a Lawyers 
999 0 |a Sociology